|
|
|
|
| LEADER |
01025nam a22002537a 4500 |
| 001 |
42337 |
| 003 |
BD-DhAAL |
| 008 |
240229t2019 bg ||||| |||| 00| 0 ben d |
| 020 |
|
|
|a 9789848040058
|
| 040 |
|
|
|a BD-DhAAL
|c BD-DhAAL
|
| 041 |
|
|
|a ben
|
| 082 |
|
|
|a 891.443
|2 23
|
| 100 |
|
|
|a মাহমুদ, আল.
|
| 245 |
|
|
|a পানকৌড়ির রক্ত /
|c আল মাহমুদ.
|
| 250 |
|
|
|a দ্বিতীয় সংস্করণ
|
| 264 |
|
|
|a ঢাকা :
|b আদর্শ,
|c ২০১৯.
|
| 300 |
|
|
|a ৭৯ পৃষ্ঠা ;
|c ২২ সে.মি.
|
| 541 |
|
|
|a Donated by SHANUN JAMALI (19204015)
|e 42337
|
| 650 |
|
|
|a Short stories, Bengali.
|
| 650 |
|
|
|a Bengali literature.
|
| 852 |
|
|
|a Ayesha Abed Library
|c General Stacks
|
| 942 |
|
|
|2 ddc
|c BK
|
| 999 |
|
|
|c 46430
|d 46430
|
| 952 |
|
|
|0 0
|1 0
|2 ddc
|4 0
|6 891_443000000000000_MAH
|7 0
|9 75192
|a BRACUL
|b BRACUL
|c GEN
|d 2024-02-29
|e Donated By Shanun Jamali (19204015)
|g 200.00
|l 6
|m 21
|o 891.443 MAH
|p 3010042337
|q 2026-06-02
|r 2026-05-20
|s 2026-05-20
|t 1
|w 2024-02-29
|y BK
|